[Event "190th open MGU"]
[Site "Sofia"]
[Date "2017.09.23"]
[Round "2.6"]
[White "Georgiev, Nikolay Zh."]
[Black "Simov, Zahari"]
[Result "1-0"]
[WhiteElo "1572"]
[BlackElo "1467"]
[PlyCount "91"]
[EventDate "2017.09.23"]
[EventType "swiss"]
[EventRounds "6"]
[EventCountry "BUL"]

1. e4 e6 2. Nc3 Nc6 3. Nf3 ({RR} 3. d4 Bb4 4. Nge2 ({RR} 4. Nf3 d6 5. Bb5 a6 6.
Be2 Nge7 7. Qd3 O-O 8. a3 Ba5 9. O-O e5 10. d5 Nb8 11. Nd2 Nd7 12. b4 Bb6 13.
Bg4 Bd4 14. Nb3 Ba7 15. Na4 Qe8 16. Nc3 f5) 4... d5 ({RR} 4... Qh4 5. a3 Ba5 6.
b4 Bb6 7. Be3 d6 8. g3) ({RR} 4... d6 5. a3 Bxc3+ 6. Nxc3 e5 7. d5 Nce7 8. Bd3
Ng6 9. Qf3 Bd7 10. g3 N8e7 11. h4) 5. e5) ({RR} 3. g3 d5 4. Bg2 Nf6 5. d3 ({RR
} 5. exd5 exd5 6. Nge2 d4) 5... Bb4 6. Bd2 O-O 7. Nge2) ({RR} 3. f4 d5 4. Nf3
Nf6 5. e5 Nd7 6. d4) 3... f6 $146 ({RR} 3... d5 4. Bb5 ({RR} 4. d3 Nf6 5. exd5
exd5 6. d4 Bb4 7. Ne5 Nxe5 8. dxe5 Ne4 9. Bd2 Bxc3 10. Bxc3 Nxc3 11. bxc3 O-O
12. c4 dxc4 13. Qxd8 Rxd8 14. Bxc4 Bf5 15. O-O Bxc2 16. Rac1 Rd2 17. Bb3 Bxb3
18. axb3 c6 {Powell,M (1935)-Facchini,G/Dubai 1986/TD/0-1}) 4... a6 5. Bxc6+
bxc6 6. O-O Nf6 7. e5 ({RR} 7. Re1) 7... Nd7 ({RR} 7... Ng8 8. d3 h5 9. a4 c5
10. a5 Nh6 11. Ra4 Nf5 12. Bg5 Be7 13. h4 Rb8 14. Qc1 Rb4 15. d4 Rxa4 16. Nxa4
cxd4 17. b4 f6 18. Bd2 Bd7 19. Qa3 Bxa4 20. Qxa4+ Qd7 21. Qa1 c5 22. bxc5 {
Schoffstoll,K-Allen,M/Seattle 1988/EXT 2004/1-0 (32)}) 8. d3 Be7 9. Ne2 c5 10.
c3 Nb6 11. Be3 Bd7 12. Qc2 Rb8 13. b3 a5 14. Nd2 Qc8 15. f4 g6 16. Bf2 Qb7 17.
Ng3 h5 18. h3 {Rigo,J (2320)-Sibilio,M (2200)/Rome 1982/MCD/1-0 (45)}) ({RR} 
3... Bb4 4. a3 Bxc3 ({RR} 4... Ba5 5. b4 Bb6 6. Bb2) 5. dxc3 ({RR} 5. bxc3 d6
6. d4 Nf6 ({RR} 6... Nge7 7. Bc4 O-O 8. O-O e5 9. dxe5 dxe5 10. Bg5 Qe8) 7. Bd3
e5 8. h3 h6) 5... d6 6. g3 ({RR} 6. Bb5) 6... Nge7 7. Bg2 O-O 8. O-O ({RR} 8.
Be3) 8... e5 9. c4 f5 10. exf5 ({RR} 10. Nd2) 10... Bxf5 11. Ng5 Qd7 ({RR} 
11... Qe8) 12. Be3 h6 ({RR} 12... Kh8 13. Qd2) 13. Ne4 Bh3 14. Qd3 ({RR} 14.
Bxh3 Qxh3) 14... Rf7 15. b4 ({RR} 15. f3 Nf5 16. Bf2 Nfd4) 15... Bxg2 16. Kxg2
Nf5 17. c3 Raf8 18. f3 {
Lima,D (2505)-Miles,A (2615)/Matanzas 1995/CBM 048/[Blatny,P]/0-1 (41)}) ({RR} 
3... d6 4. d4 d5 5. e5 a6 6. a3 h6 7. Bd3 Nge7 8. O-O g6 9. Be3 Nf5 10. Bxf5
gxf5 11. Ne1 h5 12. f4 Na5 13. b3 Bd7 14. a4 Qe7 15. Nd3 Qh4 16. Bf2 Qd8 17.
Qe1 h4 18. h3 {
Loyarte,F (1230)-Hamsany,M (1350)/Bordeaux 2006/EXT 2007/0-1 (48)}) 4. Bc4 Nge7
5. a3 g6 6. d3 Bg7 7. Be3 O-O 8. Ba2 a6 9. Qd2 Kh8 10. Bh6 d5 11. Bxg7+ Kxg7
12. O-O b5 13. Rfe1 d4 14. Ne2 e5 15. h3 Qd6 16. Nh2 Be6 17. Bxe6 Qxe6 18. Ng4
g5 19. Ng3 Kg6 20. f3 h5 21. Nh2 Rh8 22. Rf1 Rh7 23. Ne2 Kg7 24. Rf2 Rah8 25.
b3 Ng6 26. a4 b4 27. Raf1 a5 28. Kh1 Kf7 29. Ng1 Ke7 30. Rc1 Qd6 31. Qe1 Nf4
32. Nf1 Qd7 33. Nd2 Ng6 34. Nc4 Nf4 35. Kh2 g4 36. Ne2 Ng6 {Äèàãðàììà #} 37.
Ng3 (37. Nxa5 $18) 37... Nf4 38. Nf5+ Kf7 39. h4 gxf3 40. Rxf3 Rg8 41. g3 Ng6
42. Qf1 Qe6 43. Qh3 Nge7 44. Rcf1 Nxf5 45. Qxf5 Qxf5 46. Rxf5 1-0

[Event "190th open MGU"]
[Site "Sofia"]
[Date "2017.09.23"]
[Round "3.1"]
[White "Babatov, Martin"]
[Black "Krustev, Krasimir S."]
[Result "1/2-1/2"]
[WhiteElo "1737"]
[BlackElo "1970"]
[PlyCount "81"]
[EventDate "2017.09.23"]
[EventType "swiss"]
[EventRounds "6"]
[EventCountry "BUL"]

1. d4 Nf6 2. Bf4 d6 3. c4 ({RR} 3. Nc3 Nbd7 4. Nf3 c5 5. d5 h6 6. h4 g6 7. e4
Bg7 8. Qd2 a6 9. a4 Qa5 10. Ra3 Nh5 11. Bh2 f5 12. Nd1 Qc7 13. exf5 gxf5 14. c4
Ndf6 15. Bd3 Ng4 16. Ne3 O-O 17. O-O Bd7 {
Boguszlavszkij,J (2290)-Horvath,J (2537)/Zalakaros 2002/EXT 2004/0-1 (37)})
3... c6 ({RR} 3... Bf5 4. Nc3 Nbd7 5. Nf3 h6 6. Qb3 Qc8 7. g3 g5 8. Bd2 Ne4 9.
Be3 Bg7 10. Bg2 O-O 11. Nxe4 Bxe4 12. O-O c5 13. d5 Nf6 14. Nd2 Bxg2 15. Kxg2
Ng4 16. Rab1 Qd7 17. Nf3 Nxe3+ 18. Qxe3 {
Hudec,J (2022)-Marsina,S (1970)/Tatranske Matliare 2015/EXT 2017/1/2}) 4. Nc3
g6 $146 ({RR} 4... Qb6 5. Rb1 Bf5 6. Na4 Qc7 7. Rc1 Nh5 8. e3 Nxf4 9. exf4 g6
10. Nf3 Bg7 11. g3 Nd7 12. Bg2 Nf6 13. O-O O-O 14. b3 Rab8 15. Qe2 Rfe8 16. c5
Qa5 17. Nd2 Bg4 18. Qd3 d5 19. Nf3 {
Hysiqi,R (1670)-Hocher,E (1850)/Arradon 2004/EXT 2007/1-0 (51)}) ({RR} 4... Qa5
5. Qc2 e5 6. dxe5 dxe5 7. Bg5 Be7 8. e3 Be6 9. Nf3 Nbd7 10. Nd2 O-O 11. Nb3 Qc7
12. Bd3 Bd6 13. Rd1 g6 14. h4 Nh5 15. Be2 Kg7 16. Bxh5 gxh5 17. Qd2 Bb4 18. e4
Rg8 19. a3 {
Baskewitsch,P (2025)-Mendes,D (1560)/Dudelange 1997/EXT 2013/1-0 (38)}) 5. e4
Bg7 6. Nf3 O-O 7. Be2 Nbd7 8. O-O Nh5 9. Be3 e5 10. Qd2 Re8 11. Rfd1 Qe7 12.
dxe5 dxe5 13. Rac1 Nf8 14. Qd6 Qxd6 15. Rxd6 Ne6 16. Rcd1 Bf8 17. R6d2 Nef4 18.
Bf1 Bg4 19. a3 b6 20. Ne2 Nxe2+ 21. Bxe2 Nf4 22. h3 Nxe2+ 23. Rxe2 Bxf3 24.
gxf3 Rad8 25. Red2 Be7 26. Rd7 Kg7 27. Kf1 Kf6 28. Ke2 Rxd7 29. Rxd7 Ra8 30.
Bg5+ Kxg5 31. Rxe7 Kf6 32. Rc7 c5 33. Ke3 g5 34. Kd3 h5 35. a4 Ke6 36. a5 Rd8+
37. Kc2 Rd7 38. Rc6+ Rd6 39. Rc7 Rd7 40. Rc6+ Rd6 41. Rc8 1/2-1/2

[Event "190th open MGU"]
[Site "Sofia"]
[Date "2017.09.23"]
[Round "3.2"]
[White "Andreev, Dobrotich"]
[Black "Chowaniec, Artur"]
[Result "0-1"]
[WhiteElo "1881"]
[BlackElo "1660"]
[PlyCount "124"]
[EventDate "2017.09.23"]
[EventType "swiss"]
[EventRounds "6"]
[EventCountry "BUL"]

1. e4 c5 2. Nf3 d6 3. d4 cxd4 4. Nxd4 Nf6 5. Nc3 a6 6. f3 Qb6 7. Nb3 e6 8. Bg5
({RR} 8. Bf4 Qc7 9. Qd2 Nc6 10. O-O-O Ne5 11. Nd4 Be7 12. g4 O-O 13. h4 b5 14.
h5 b4 15. Nb1 Nexg4 16. Bg3 Qc5 17. h6 g6 18. Nb3 Qe3 19. Bxd6 Rd8 20. Bxe7
Rxd2 21. N1xd2 Nf2 22. Bc5 Nxd1 {
Anand,V (2788)-Grischuk,A (2720)/Mainz 2005/CBM 109/1/2}) ({RR} 8. Qd3 Nc6 9.
Be3 Qc7 10. Be2 b5 11. O-O Be7 12. f4 O-O 13. Bf3 b4 14. Ne2 e5 15. Rad1 a5 16.
c4 exf4 17. Bxf4 Ne5 18. Qd4 Nfd7 19. Ng3 a4 20. Na1 Nc5 21. Nf5 Ne6 22. Qd2
Nxc4 {
Agishev,A (1961)-Grigoriants,S (2590)/Tashkent 2016/CBM 172 Extra/0-1 (37)})
8... Nc6 $146 ({RR} 8... Nbd7 9. Qd2 Qc7 10. O-O-O b5 11. a3 Rb8 12. g4 h6 13.
Bf4 Ne5 14. Bxe5 dxe5 15. Na2 Be7 16. Qc3 Rb7 17. Qxc7 Rxc7 18. Be2 Nd7 19. c3
h5 20. h3 Nf8 21. Nb4 Ng6 22. Nd3 Bg5+ 23. Kc2 {
Bucinskas,V (2376)-Istratescu,A (2650)/Rogaska Slatina 2011/CBM 145/0-1}) ({RR
} 8... Be7 9. Qd2 Nbd7 10. O-O-O O-O 11. g4 Qc7 12. Be3 Ne5 13. g5 Nfd7 14. f4
Nc4 15. Bxc4 Qxc4 16. Qg2 b5 17. f5 Rd8 18. Rhf1 Qc7 19. Ne2 exf5 20. Nbd4 Ne5
21. Nxf5 Bxf5 22. exf5 Qc4 23. Kb1 {
Green,A (2151)-Zdebskaja,N (2408)/Hastings 2009/CBM 134 Extra/1/2 (36)}) ({RR} 
8... h6 9. Bh4 Be7 10. Bf2 Qc7 11. Qd2 Nc6 12. O-O-O b5 13. Kb1 O-O 14. g4 Ne5
15. Nd4 Nfd7 16. h4 Nb6 17. Bd3 b4 18. Nce2 d5 19. Ng3 Nec4 20. Bxc4 Nxc4 21.
Qd3 dxe4 22. fxe4 Ne5 23. Qe2 {
Demidowicz,M (2138)-Chlost,M (2148)/Lublin 2009/CBM 132 Extra/0-1 (38)}) 9. Qd2
h6 10. Be3 Qc7 11. O-O-O Be7 12. g4 Ne5 13. Qf2 Nexg4 14. Qg1 Nxe3 15. Qxe3 Ng4
16. Qd2 Ne5 17. Be2 Nxf3 18. Qd3 Ne5 19. Qg3 Bf6 20. Kb1 Bd7 21. Rd2 O-O-O 22.
Rhd1 Bc6 23. h4 Qe7 24. Nd4 Bxh4 25. Nxc6 Nxc6 26. Qh3 Bf6 27. Nd5 Qf8 28. Nxf6
gxf6 29. Qc3 Kc7 30. Qxf6 Qe7 31. Qc3 h5 32. Rxd6 Rxd6 33. Rxd6 Qxd6 34. Qxh8
Qd2 35. Qxh5 Qe1+ 36. Bd1 Kb6 37. Qe2 Qxe2 38. Bxe2 Kc5 39. c3 Kd6 40. Kc2 Ke5
41. Kd3 Ne7 42. c4 Ng6 43. Ke3 Ne7 44. b4 Nc8 45. c5 Ne7 46. a4 Nc6 47. b5 axb5
48. axb5 Nd4 49. Bc4 Nc2+ 50. Kd2 Nd4 51. Kd3 Nf3 52. b6 Nd4 53. Ke3 Nc6 54.
Bb5 Nd8 55. Bd7 f5 56. Bc8 f4+ 57. Kd3 f3 58. Bxb7 Nxb7 59. c6 Nc5+ 60. Ke3 Kd6
61. c7 Kd7 62. Kxf3 Na4 0-1

[Event "190th open MGU"]
[Site "Sofia"]
[Date "2017.09.23"]
[Round "3.3"]
[White "Metev, Martin"]
[Black "Doychev, Ivan"]
[Result "1-0"]
[WhiteElo "1965"]
[BlackElo "1188"]
[PlyCount "123"]
[EventDate "2017.09.23"]
[EventType "swiss"]
[EventRounds "6"]
[EventCountry "BUL"]

1. e4 c5 2. Nf3 e6 3. d4 cxd4 4. Nxd4 Nf6 5. Nc3 Bb4 6. Bd3 Nc6 7. Nb3 O-O 8.
O-O d5 9. exd5 exd5 10. Bg5 ({RR} 10. Ne2 Be6 11. Bg5 Be7 ({RR} 11... h6 12.
Bh4 Bd6 13. Bg3 Ng4 14. c3 f5 15. Nf4 Bxf4 16. Bxf4 g5 17. Be3 Qd6 18. g3 b6
19. Nd4 f4 20. Nxe6 Qxe6 21. Bd4 Nxd4 22. cxd4 f3 23. Re1 Qd7 24. Qd2 Qf7 25.
h3 Nf6 26. Re3 {
Tuscher,A (1581)-Heldt,M (1983)/Gelsenkirchen 2014/CBM 164 Extra/1-0 (38)}) 12.
Ned4 Nxd4 13. Nxd4 Qb6 14. b3 Rac8 15. Nf5 Bxf5 16. Bxf5 Rcd8 17. Qf3 Rfe8 18.
Rad1 h6 19. Bxf6 Bxf6 20. Rxd5 Rxd5 21. Qxd5 Re5 22. Qd7 Qc5 23. Bd3 Re7 24.
Qd8+ Re8 {Meghara,L (1767)-Ait Ali Yahia,L/Algier 2016/CBM 170 Extra/1-0 (59)})
10... Be7 $146 ({RR} 10... Be6 11. Nb5 Be7 12. c3 h6 13. Bh4 Ne4 14. Bxe7 Qxe7
15. N5d4 Ne5 16. Nxe6 Qxe6 17. Re1 Nxd3 18. Qxd3 Qb6 19. Qd4 Qxd4 20. Nxd4 Rfe8
21. f3 Nc5 22. Rad1 Na4 23. Rxe8+ Rxe8 24. Rb1 {
1/2 Eros,P (2089)-Gelman,G/Goa 2006/CBM 114 Extra}) ({RR} 10... Bxc3 11. bxc3
Ne5 12. Re1 Nxd3 13. Qxd3 h6 14. Bh4 Be6 15. Re3 g5 16. Bg3 Qb6 17. Be5 Ng4 18.
Bd4 Qd6 19. Rh3 Bd7 20. Nc5 Nxf2 21. Kxf2 Bxh3 22. Qxh3 b6 23. Nd7 f5 24. Nxf8
Rxf8 25. Re1 {
Villalba,M (2188)-Aguirre,A (1746)/Buenos Aires 2013/CBM 153 Extra/1-0}) 11.
Rb1 Bg4 12. Qd2 h6 13. Bxf6 Bxf6 14. Nxd5 Bg5 15. Ne3 Bxe3 16. Qxe3 Re8 17. Qf4
Bh5 18. h3 Ne5 19. Bb5 Re6 20. Nc5 Re7 21. Rfe1 Qc7 22. Qb4 a6 23. Ba4 b5 24.
Bb3 Rae8 25. Nxa6 Qa7 26. Nc5 Qb6 27. Rxe5 Rxe5 28. Nd7 Qc6 29. Nxe5 Rxe5 30.
Re1 Rg5 31. Qe4 Qxe4 32. Rxe4 Kh7 33. Rd4 f5 34. c4 bxc4 35. Bxc4 Be8 36. b4
Bc6 37. Bd5 Bb5 38. Bf3 Rg6 39. Rd5 Bc4 40. Rxf5 Bxa2 41. Ra5 Bb1 42. b5 Rb6
43. Be2 Be4 44. f3 Bd5 45. Kf2 Bb7 46. Bd3+ Kg8 47. Ke3 Kf7 48. Be4 Bxe4 49.
Kxe4 Ke7 50. Ra7+ Kf8 51. Ra5 Ke7 52. Kd5 Kd7 53. Kc5 Rg6 54. Ra7+ Kc8 55. g4
Kb8 56. Rd7 Rg5+ 57. Kc6 Rg6+ 58. Rd6 Rg5 59. b6 Kc8 60. b7+ Kb8 61. Rd8+ Ka7
62. Ra8# 1-0

[Event "190th open MGU"]
[Site "Sofia"]
[Date "2017.09.23"]
[Round "3.4"]
[White "Krastev, Krasimir N."]
[Black "Dimov, Nikola"]
[Result "0-1"]
[WhiteElo "1707"]
[BlackElo "1551"]
[PlyCount "76"]
[EventDate "2017.09.23"]
[EventType "swiss"]
[EventRounds "6"]
[EventCountry "BUL"]

1. Nf3 Nf6 2. c4 g6 3. d4 Bg7 4. Nc3 O-O 5. e4 d6 6. g3 e5 7. d5 ({RR} 7. dxe5
dxe5 8. Qxd8 Rxd8 9. Bg5 c6 10. Bg2 h6 11. Be3 Re8 12. O-O Na6 13. Rad1 Bf8 14.
h3 Nc5 15. Nd2 a5 16. Nb3 Nfd7 17. Nxc5 Nxc5 18. f4 a4 19. f5 g5 20. Kh2 Nd7
21. Bf3 Bc5 {Zasypkin,A (2195)-Zabotin,A (2491)/Kostroma 2008/EXT 2009/0-1 (58)
}) 7... Nbd7 8. Rb1 $146 ({RR} 8. b4 a5 ({RR} 8... h6 9. Bb2 Nh5 10. Nh4 Bf6
11. Ng2 Ng7 12. Bd3 Be7 13. O-O g5 14. Kh1 Nf6 15. Be2 Bh3 16. Re1 h5 17. Ne3
Kh8 18. f3 Bd7 19. Kg2 Nh7 20. h3 f5 21. g4 fxg4 22. fxg4 h4 23. Nf5 {
Gavriliuk,R-Radzhabov,R/Kiev 2007/EXT 2009/1-0 (40)}) 9. b5 Nc5 10. Bg5 h6 11.
Bxf6 Qxf6 12. a4 ({RR} 12. Bg2 Qe7 13. O-O b6 14. Re1 h5 15. Na4 Nb7 16. Rb1
Bh6 17. Nc3 f6 18. Nh4 Kg7 19. Rb2 Rb8 20. a3 Nd8 21. Nb1 Nf7 22. Nd2 Ng5 23.
Ndf3 Bd7 24. Kh1 Rbd8 25. a4 Bg4 26. Qd3 Rf7 {
Gandolfi,F-Isonzo,D (2175)/Italy 1996/EXT 2000/0-1 (41)}) 12... Qe7 13. Nd2 f5
14. Qe2 Bd7 15. h4 f4 16. Bh3 fxg3 17. fxg3 Bxh3 18. Rxh3 Rf6 19. O-O-O Raf8
20. Rh2 h5 21. Kc2 Qf7 22. Nb3 Nxb3 {
Frankental,D (1769)-Araujo,J (2163)/Joao Pessoa 2016/CBM 171 Extra/0-1 (50)})
8... Nc5 9. Nd2 a5 10. a3 a4 11. Bg2 Nd3+ 12. Ke2 Nc5 13. b4 axb3 14. Nxb3 Nxb3
15. Qxb3 Nd7 16. Be3 f5 17. exf5 gxf5 18. f3 b6 19. a4 Ba6 20. Nb5 Bxb5 21.
axb5 Ra5 22. Bd2 Nc5 23. Qc2 Ra7 24. Ra1 Qa8 25. Rxa7 Qxa7 26. Bb4 e4 27. Bxc5
exf3+ 28. Kxf3 bxc5 29. Re1 Be5 30. Bh3 f4 31. Be6+ Kh8 32. Rxe5 Qa3+ 33. Kg4
dxe5 34. Qe4 Qc3 35. Bf5 fxg3 36. hxg3 Rg8+ 37. Kh5 Qxg3 38. Bg4 Qh2+ 0-1

[Event "190th open MGU"]
[Site "Sofia"]
[Date "2017.09.23"]
[Round "3.5"]
[White "Velikov, Nikola"]
[Black "Kostov, Nikolay"]
[Result "0-1"]
[WhiteElo "1179"]
[BlackElo "1648"]
[PlyCount "82"]
[EventDate "2017.09.23"]
[EventType "swiss"]
[EventRounds "6"]
[EventCountry "BUL"]

1. Nf3 c5 2. g3 Nc6 3. Bg2 Nf6 4. O-O g6 5. d3 d5 6. Nbd2 Bg7 7. e4 dxe4 8.
dxe4 e5 9. c3 O-O 10. Qc2 Qc7 ({RR} 10... Qe7 11. a4 b6 12. Re1 Ba6 13. Bf1
Bxf1 14. Nxf1 h6 15. Ne3 Rfd8 16. Bd2 Qe6 17. Kg2 Rac8 18. Rad1 Nd4 19. Nxd4
cxd4 20. Nf1 d3 21. Qb1 Qc6 22. f3 Qxa4 23. Re3 Rd7 24. Be1 Rcd8 25. Rexd3 {
Roos,H (1948)-Dueckstein,A (2084)/Radebeul 2016/CBM 173 Extra/1/2 (35)}) 11. b3
$146 ({RR} 11. Nc4 Be6 12. Ne3 Rad8 13. Ng5 Bc8 14. f4 h6 15. Nh3 b6 16. f5 Ba6
17. Rd1 Rxd1+ 18. Qxd1 Rd8 19. Qe1 Ne7 20. g4 Bb7 21. Nf2 Nc8 22. Nf1 Nd6 23.
Ng3 Qd7 24. b3 c4 25. Be3 Qc6 {
Waldmann,H (2339)-Kot,J (2361)/Germany 2004/EXT 2006/0-1 (84)}) ({RR} 11. Re1
h6 ({RR} 11... Ne7 12. b3 Re8 13. Bb2 b6 14. Rad1 Bb7 15. a4 Rad8 16. Bf1 a6
17. Bc4 h6 18. Rb1 Nc6 19. Bf1 Ne7 20. Nc4 Nc6 21. Bc1 Bf8 22. h3 Rc8 23. Be3
Nxe4 24. Bxh6 Bxh6 25. Rxe4 f5 26. Ree1 {
De Britto,R (2165)-Sant'Ana,R (2110)/Rio de Janeiro 1999/EXT 2000/0-1 (49)})
12. Bf1 a6 13. a4 b6 14. Nc4 Be6 15. Nfd2 Ne7 16. Na3 Nd7 17. f3 Kh7 18. Bc4
Bh3 19. Bf1 Be6 20. Kg2 Nf6 21. Bc4 Bc8 22. Nf1 Nh5 23. Ne3 f5 24. Nd5 Nxd5 25.
Bxd5 Rb8 {
Collutiis,D (2465)-Szczepkowska,K (2375)/Ortisei 2013/CBM 154 Extra/1/2 (47)})
({RR} 11. a4 h6 12. b4 Be6 13. b5 Na5 14. c4 Nd7 15. Bb2 Nb6 16. Bc3 Nbxc4 17.
Rfc1 Nxd2 18. Nxd2 Rfd8 19. Rab1 Rac8 20. Bf1 Rd7 21. Bxa5 Qxa5 22. Nc4 Qd8 23.
Rd1 Rd4 24. b6 a6 25. Na5 Qd7 {
Manasterski,L-Marszalek,R/Gdynia 1973/EXT 1998/0-1}) 11... b5 12. Ba3 Qb6 13.
Bb2 a5 14. c4 Nb4 15. Qd1 Nd7 16. a3 Nd3 17. Qc2 Nxb2 18. Qxb2 b4 19. axb4 {
Äèàãðàììà #} Qxb4 (19... cxb4 $1 $19) 20. Ra4 Qb6 21. Rfa1 Nb8 22. Nb1 Bd7 23.
R4a2 Nc6 24. Nc3 Rfb8 25. Ra3 Be6 26. Nd5 Qb7 27. Ne1 a4 28. Nd3 Bf8 29. Nc1
Nd4 30. f4 axb3 31. Rxa8 Rxa8 32. Rxa8 Qxa8 33. f5 Bxd5 34. exd5 Bh6 35. d6 Qa5
36. d7 Bg5 37. Nd3 Qa2 38. Kf1 gxf5 39. h4 Bd8 40. Ke1 e4 41. Kd1 exd3 0-1

[Event "190th open MGU"]
[Site "Sofia"]
[Date "2017.09.23"]
[Round "3.6"]
[White "Ivanov, Oleg M."]
[Black "Georgiev, Nikolay Zh."]
[Result "0-1"]
[WhiteElo "1548"]
[BlackElo "1572"]
[PlyCount "40"]
[EventDate "2017.09.23"]
[EventType "swiss"]
[EventRounds "6"]
[EventCountry "BUL"]

1. c4 c6 2. Nf3 d5 3. cxd5 cxd5 4. Nc3 Nf6 5. d4 Nc6 6. Bg5 Bg4 ({RR} 6... a6
7. Rc1 Nh5 8. Bd2 Nf6 9. Bg5 Nh5 10. Bd2 {
1/2 Ortega,L (2473)-Agrest,E (2585)/Arvier 2010/CBM 138 Extra}) 7. Ne5 ({RR} 7.
e3 e6 8. Bd3 Be7 9. O-O O-O 10. h3 Bh5 11. Be2 Re8 12. Bf4 Bd6 13. Bxd6 Qxd6
14. Nb5 Qe7 15. Rc1 a6 16. Nc3 Rad8 17. a3 h6 18. b4 b5 19. Bd3 Rc8 20. g4 Bg6
21. Bxg6 fxg6 {
Van Niekerk,N (1053)-Visser,A (1118)/Waterkloof 2015/CBM 166 Extra/1/2 (31)})
7... Nxe5 8. dxe5 Ne4 9. Qxd5 $146 ({RR} 9. Nxe4 dxe4 10. Qa4+ Bd7 11. Qxe4 Bc6
12. Qc2 Qa5+ 13. Bd2 Qxe5 14. Bc3 Qg5 15. f3 e6 16. Bd2 Qh4+ 17. g3 Qh5 18.
O-O-O Rc8 19. Kb1 Qg6 20. Qxg6 hxg6 21. e4 Bc5 22. Bc3 f6 23. Bc4 Ke7 {
Cecchini,M-Greco,U/Robecchetto 2005/CBM 110 Extra/1-0 (51)}) 9... Nxg5 10.
O-O-O Qxd5 11. Nxd5 Rc8+ 12. Nc3 Ne4 13. f3 Nxc3 14. bxc3 Bd7 15. Kb2 e6 16. e4
Bc5 17. Be2 Ke7 18. g4 Rhd8 19. f4 Bc6 20. Bd3 Rxd3 0-1

[Event "190th open MGU"]
[Site "Sofia"]
[Date "2017.09.24"]
[Round "4.1"]
[White "Chowaniec, Artur"]
[Black "Babatov, Martin"]
[Result "0-1"]
[WhiteElo "1660"]
[BlackElo "1737"]
[PlyCount "112"]
[EventDate "2017.09.23"]
[EventType "swiss"]
[EventRounds "6"]
[EventCountry "BUL"]

1. e4 c6 2. Nc3 d5 3. Nf3 dxe4 4. Nxe4 Bg4 5. Bc4 e6 6. h3 Bxf3 7. Qxf3 Nf6 8.
Nxf6+ Qxf6 9. Qxf6 gxf6 10. d4 Bd6 11. O-O Nd7 12. Re1 O-O-O 13. Be3 Rhg8 14.
c3 $146 ({RR} 14. Bd3 f5 15. Bd2 Rg7 16. Be2 Nf6 17. Bf3 Bc7 18. c3 c5 19. Re2
cxd4 20. cxd4 Nd5 21. Rc1 Kb8 22. Ree1 Bf4 23. Rc2 Rgg8 24. Rec1 Bxd2 25. Rxd2
Rd7 26. Rc5 Nf4 27. Kf1 Rgd8 28. Rc4 Ng6 {
Dansker,G-Nur,N/Bratislava 1993/TD/0-1 (65)}) 14... f5 15. Kh1 Nf6 16. b4 Ne4
17. f3 Nxc3 18. a3 Nd5 19. b5 Bg3 20. Re2 Nxe3 21. Rxe3 Rxd4 22. Bxe6+ fxe6 23.
bxc6 Rgd8 24. cxb7+ Kb8 25. Rf1 Rd1 26. Kg1 Rxf1+ 27. Kxf1 Rd1+ 28. Ke2 Re1+
29. Kd3 Rxe3+ 30. Kxe3 Kxb7 31. f4 e5 32. fxe5 Bxe5 33. Kd3 Bd6 34. Kd4 Bxa3
35. Ke5 Kc6 36. Kxf5 Kd5 37. Kf6 Bc1 38. g4 h6 39. h4 a5 40. g5 hxg5 41. hxg5
Bxg5+ 42. Kxg5 a4 43. Kf4 a3 44. Ke3 a2 45. Kd2 a1=R 46. Ke3 Ra4 47. Kf3 Re4
48. Kg3 Ke5 49. Kf3 Kf5 50. Kg3 Rf4 51. Kh3 Rg4 52. Kh2 Kf4 53. Kh3 Kf3 54. Kh2
Rg8 55. Kh1 Kf2 56. Kh2 Rh8# 0-1

[Event "190th open MGU"]
[Site "Sofia"]
[Date "2017.09.24"]
[Round "4.2"]
[White "Krustev, Krasimir S."]
[Black "Metev, Martin"]
[Result "1-0"]
[WhiteElo "1970"]
[BlackElo "1965"]
[PlyCount "49"]
[EventDate "2017.09.23"]
[EventType "swiss"]
[EventRounds "6"]
[EventCountry "BUL"]

1. e4 e6 2. Nf3 d5 3. Nc3 d4 4. Ne2 c5 5. c3 dxc3 6. bxc3 Nc6 7. Ng3 ({RR} 7.
d4 Nf6 8. Ng3 cxd4 9. cxd4 Bb4+ 10. Bd2 Qa5 11. Rb1 Bxd2+ 12. Qxd2 Ke7 13. Bb5
Bd7 14. Ne5 Qxd2+ 15. Kxd2 Na5 16. Rhc1 Rac8 17. Nxd7 Nxd7 18. Bxd7 Kxd7 19.
Nh5 b6 20. g3 g6 21. Nf4 Rhd8 {
Sigurjonsson,G (2475)-Hort,V (2600)/Hastings 1976/EXT 1999/1/2}) 7... e5 $146 (
{RR} 7... Bd6 8. Bb5 Bd7 9. O-O a6 10. Ba4 b5 11. Bc2 Nge7 12. d4 cxd4 13. cxd4
O-O 14. e5 Bb4 15. Bxh7+ Kh8 16. Bc2 Nd5 17. Ng5 g6 18. Qg4 Kg7 19. Nh5+ Kg8
20. Nxf7 Rxf7 21. Qxg6+ Kf8 22. Bh6+ {
Sekandar,K (2130)-Van Breda,T/Utrecht 2015/CBM 166 Extra/1-0}) ({RR} 7... g6 8.
d4 Bg7 9. Bb2 Qa5 10. Qd2 Bh6 11. Qd3 cxd4 12. Nxd4 Nge7 13. Nb3 Qc7 14. c4 e5
15. Be2 O-O 16. O-O a5 17. a4 Rd8 18. Qc3 Nd4 19. Nxd4 exd4 20. Qc2 Be6 21.
Rad1 Nc6 22. Ba3 {
Bhuvaneshwari,R (1708)-Naik,R (2014)/Glasgow 2014/CBM 161 Extra/0-1 (42)}) ({RR
} 7... Qa5 8. Be2 Nf6 9. O-O h5 10. h4 Bd6 11. Ng5 Bxg3 12. fxg3 c4 13. a4 Ne5
14. Ba3 Bd7 15. Kh1 Bc6 16. Bd6 Rd8 17. Bxe5 Qxe5 18. Rf4 Nxe4 19. Nxe4 Bxe4
20. Bxc4 Bc6 21. d4 Qe3 22. Qe1 {
Gurieli,N (2329)-Bogumil,T (2118)/Porto 2014/CBM 159 Extra/0-1 (75)}) 8. Bc4
Bd6 9. Nh5 g6 10. Ng3 Nf6 11. d3 O-O 12. Bh6 Re8 13. Ng5 Be6 14. Nxe6 fxe6 15.
h4 Bf8 16. Bxf8 Kxf8 17. h5 g5 18. h6 Na5 {Äèàãðàììà #} 19. Bb5 (19. Qc1 $1 $18
) 19... Nc6 20. Qd2 g4 21. Qg5 Ke7 22. Bxc6 bxc6 23. Qxe5 Qxd3 24. Rd1 Qb5 25.
Nf5+ 1-0

[Event "190th open MGU"]
[Site "Sofia"]
[Date "2017.09.24"]
[Round "4.3"]
[White "Georgiev, Nikolay Zh."]
[Black "Kostov, Nikolay"]
[Result "1/2-1/2"]
[WhiteElo "1572"]
[BlackElo "1648"]
[PlyCount "153"]
[EventDate "2017.09.23"]
[EventType "swiss"]
[EventRounds "6"]
[EventCountry "BUL"]

1. e4 d5 2. exd5 Nf6 3. Bb5+ Bd7 4. Bc4 c6 5. Nc3 Bg4 6. f3 cxd5 7. Nxd5 ({RR} 
7. Bb3 d4 8. fxg4 dxc3 9. bxc3 e6 10. Qf3 Nc6 11. Ne2 Bd6 12. d4 h6 13. O-O Qc7
14. g3 O-O-O 15. Bf4 e5 16. Be3 Kb8 17. g5 e4 18. Qf5 Ne7 19. Qb5 Ng4 20. Bf4
hxg5 21. Bxd6 Qxd6 {
Tokatlian,G (1922)-Medina,G (2012)/Costanera 2016/EXT 2017/0-1 (33)}) 7... Nxd5
8. fxg4 e6 9. Nf3 Nc6 $146 ({RR} 9... Bc5 10. d4 Bb6 ({RR} 10... Bb4+ 11. c3
Nxc3 12. bxc3 Bxc3+ 13. Bd2 Bxa1 14. Qxa1 Nc6 15. O-O Rc8 16. d5 {
1-0 Kotz,R-Hashemi,A/Germany 1997/EXT 2004}) 11. O-O Nc6 12. c3 O-O 13. Bd3 g6
14. Ng5 h6 15. Ne4 Kg7 16. g5 h5 17. Nf6 Rh8 18. Kh1 Bc7 19. Qf3 Nxf6 20. gxf6+
Kg8 21. Bf4 Bxf4 22. Qxf4 e5 23. Qg5 Rh7 24. Bc4 {
Kun,G-Visloczki,J/Hungary 1994/TD/1-0}) 10. d4 Qc7 11. Bxd5 Qa5+ 12. c3 Qxd5
13. O-O h5 14. g5 Bd6 15. Qb3 Qxb3 16. axb3 O-O 17. Be3 a6 18. Nd2 b5 19. Ne4
Bc7 20. b4 a5 21. bxa5 Nxa5 22. Nd2 Nc4 23. Rxa8 Rxa8 24. Nxc4 bxc4 25. g3 Bd6
26. Bf4 Be7 27. h4 Ra7 28. Be5 Rb7 29. Rf2 Rb5 30. Kf1 Ra5 31. Ke2 Ra2 32. Kd1
Ra5 33. Kc2 Rb5 34. Rf1 Ra5 35. Rb1 Ra2 36. Kc1 f6 37. gxf6 gxf6 38. Bf4 Kf7
39. b4 Kg6 40. b5 Ba3+ 41. Kd1 Rg2 42. b6 Rg1+ 43. Kc2 Rg2+ 44. Bd2 Bd6 45. b7
Bb8 46. Rb4 Rxg3 47. Kd1 Rg1+ 48. Be1 Kf5 49. Ke2 Ke4 50. Rxc4 Rg7 51. Rb4 f5
52. Rb6 Rg2+ 53. Kf1 Rg7 54. Rxe6+ Kf3 55. Rb6 Ke4 56. Bf2 f4 57. Ke2 f3+ 58.
Kd2 Rg2 59. Ke1 Kd3 60. Rh6 Rh2 61. Kf1 Rh1+ 62. Bg1 Bh2 63. Rh8 Rxg1+ 64. Kf2
Rb1 65. Rxh5 Kxc3 66. d5 Rxb7 67. Kxf3 Rd7 68. Ke4 Re7+ 69. Kf5 Kc4 70. Kf6 Re4
71. Kg6 Rd4 72. Kf7 Rxd5 73. Rxd5 Kxd5 74. h5 Bf4 75. Kg6 Bd2 76. h6 Bxh6 77.
Kxh6 1/2-1/2